Screening RAPD primers for molecular taxonomy and cultivar fingerprinting in the genus Atinidia (Record no. 68476)

MARC details
000 -LEADER
fixed length control field 00550nam a2200205Ia 4500
100 ## - MAIN ENTRY--AUTHOR NAME
Personal name Cipriani G
245 #0 - TITLE STATEMENT
Title Screening RAPD primers for molecular taxonomy and cultivar fingerprinting in the genus Atinidia
260 ## - PUBLICATION, DISTRIBUTION, ETC. (IMPRINT)
Name of publisher Euphytica
Year of publication 1996
300 ## - PHYSICAL DESCRIPTION
Number of Pages 169-174
650 ## - SUBJECT ADDED ENTRY--TOPICAL TERM
Topical Term Actinidia breeding
650 ## - SUBJECT ADDED ENTRY--TOPICAL TERM
Topical Term DNA fingerprinting
650 ## - SUBJECT ADDED ENTRY--TOPICAL TERM
Topical Term Kiwifruit
650 ## - SUBJECT ADDED ENTRY--TOPICAL TERM
Topical Term Molecular systematics
650 ## - SUBJECT ADDED ENTRY--TOPICAL TERM
Topical Term PCR
650 ## - SUBJECT ADDED ENTRY--TOPICAL TERM
Topical Term RAPD
700 ## - ADDED ENTRY--PERSONAL NAME
Personal name Bella R D
700 ## - ADDED ENTRY--PERSONAL NAME
Personal name Testolin R
942 ## - ADDED ENTRY ELEMENTS (KOHA)
Koha item type Journals
Holdings
Withdrawn status Lost status Damaged status Not for loan Home library Current library Shelving location Date acquired Serial Enumeration / chronology Koha item type
      Journals RRII Library RRII Library RAPD 17/12/2021 Volume 90, Issue 2 Journals